Οι δυνατότητες πολυμερούς οικονομικής συνεργασίας στα Βαλκάνια ενέργεις και μεταφορές
Αποθηκεύτηκε σε:
| Κύριος συγγραφέας: | |
|---|---|
| Μορφή: | Βιβλίο |
| Γλώσσα: | Greek |
| Δημοσίευση: |
Αθήνα :
ΕΚΚΕ,
1987
|
| Σειρά: | Θέματα προγραμματισμού ;
; 34 |
| Θέματα: | |
| Ετικέτες: |
Προσθήκη ετικέτας
Δεν υπάρχουν, Καταχωρήστε ετικέτα πρώτοι!
|
MARC
| LEADER | 00000nam a2200000 i 4500 | ||
|---|---|---|---|
| 001 | 1/19537 | ||
| 008 | 960701s1987 gre d | ||
| 035 | |l 10021310 | ||
| 040 | |a GR-MY-UA |b gre |e aacr | ||
| 041 | 0 | |a gre | |
| 082 | 0 | |a 337.109496 | |
| 100 | 1 | |a Πουρναράκης, Ευθύμιος Δ. | |
| 245 | 1 | 3 | |a Οι δυνατότητες πολυμερούς οικονομικής συνεργασίας στα Βαλκάνια ενέργεις και μεταφορές / |c Ευθύμιος Δ.Πουρναράκης |
| 260 | |a Αθήνα : |b ΕΚΚΕ, |c 1987 | ||
| 300 | |a 342 σ. | ||
| 490 | 1 | |a Θέματα προγραμματισμού |v ; 34 | |
| 500 | |a Περιλαμβάνει βιβλιογραφία | ||
| 650 | 0 | 0 | |a Cooperation |x Economic aspects. |
| 650 | 0 | 0 | |a Economic policy. |
| 650 | 0 | 0 | |a Commerce. |
| 650 | 0 | 0 | |a Energy. |
| 650 | 0 | 0 | |a Transportation problems (Programming) |
| 651 | 0 | |a Balkan Peninsula |x Economic conditions. | |
| 830 | 0 | |a Θέματα προγραμματισμού ; |v ; 34 | |
| 852 | |a INST |b CHIOS |e 19960701 |h 332.109496 ΠΟΥ |p 005200007419 |q 005200007419 |t BK |y 0 | ||
| 909 | |a Χ |b 010758 | ||